Olimpíada matemática ñandú : problemas 13 /
Guardado en:
| Autor Principal: | |
|---|---|
| Otros Autores: | |
| Formato: | Libro |
| Publicado: |
Buenos Aires :
Red olímoica,
2005
|
| Series: | Pacha Mama
|
| Materias: | |
| Etiquetas: |
Agregar Etiqueta
Sin Etiquetas, Sea el primero en etiquetar este registro!
|
| LEADER | 00627nam a22002055a 4500 | ||
|---|---|---|---|
| 001 | CEM.cems012159 | ||
| 005 | 20080627103702.0 | ||
| 008 | 130507s2005##################000#0#####d | ||
| 003 | CEMS | ||
| 020 | |a 9879072502 | ||
| 082 | 0 | 4 | |a 510 |
| 100 | 1 | |a Seveso, Julia | |
| 245 | 1 | 0 | |a Olimpíada matemática ñandú : |b problemas 13 / |c Julia Seveso, Graciela Ferrarini |
| 260 | |a Buenos Aires : |b Red olímoica, |c 2005 | ||
| 300 | |a 155 p. | ||
| 490 | 0 | |a Pacha Mama | |
| 653 | |a Matemática-olimpíada | ||
| 653 | |a Olimpíada matemáticas | ||
| 700 | 1 | |a Ferrarini, Graciela | |
| 859 | |a CEMS |b BIB. CEMS - 11 de abril |h 510 |i Ol13 |p 23383.06 |t Ej.1 |v 13 |3 13 | ||
